Navrhnú referendum o federácii Zo zasadnutia Slovenskej rady VPN

Bibliographic Details
Main Author: Úradníček, M. (Author)
Format: Article
Language:Slovak
Subjects:

MARC

LEADER 00000nab a2200000 a 4500
001 vtls000421397
003 SK-MaSNL
005 20260303202626.0
008 120925c1991 xo 0 slo
015 |a SNBRB19rr/mm-uuuuu 
035 |a CL0421525 
040 |a SNKBUCL  |b slo  |c SNKBUCL  |e AACR2 
041 0 |a slo 
044 |a xo  |c SK 
080 |a 329.7(437.6)VPN  |2 1981 
100 1 |a Úradníček, M.  |4 aut  |9 1234474 
245 1 0 |a Navrhnú referendum o federácii  |b Zo zasadnutia Slovenskej rady VPN  |c M. Úradníček 
610 2 7 |a Verejnosť proti násiliu (politické hnutie)  |2 snkbucl  |9 236133 
651 7 |a 5312  |2 snkbucl  |9 283241 
655 7 |a články z novín a časopisov  |2 snkbucl  |9 267496 
773 0 |t Národná obroda  |g Roč. 2, č. 175 (29. 7. 1991), s. 2 
850 |a Slovenská národná knižnica v Martine  |a MTA001 
852 |a SNK  |b KIS3GCP 
958 |a RK 
992 |a RBX 
999 |c 2180817  |d 2182747